000 00307nam a22001337a 4500
008 170822b xxu||||| |||| 00| 0 eng d
020 _a9780631182511
041 _aeng
080 _a51
100 _a38
101 _aMAT
245 _aFEARFUL SYMMETRY IS GOOD GEOMETER
_cSTEWART.I
942 _2udc
_cBK
999 _c24498
_d24498